| 000 | 00341nam a2200109Ia 4500 | ||
|---|---|---|---|
| 008 | 171211s9999 xx 000 0 und d | ||
| 245 | _aHeidegger's Contributions to Philosophy: An Introduction | ||
| 245 | _cDaniela Vallega-Neu | ||
| 260 | _c2003 | ||
| 650 | _xFamily and Friendship | ||
| 856 | _uhttp://down.ebook777.com/065/9780253215994.pdf | ||
| 999 |
_c350268 _d350268 |
||